| 000 | 00679nam a22002177a 4500 | ||
|---|---|---|---|
| 999 |
_c4743 _d4743 |
||
| 003 | AR-CdUCM | ||
| 008 | 190311b ||||| |||| 00| 0 spa d | ||
| 040 |
_aMUNICIPALIDAD PROVINCIAL DEL CUSCO _cBIBLIOTECA MUNICIPAL DEL CUSCO |
||
| 082 |
_a190 / _bF27 |
||
| 100 |
_aFatone, Vicente _914670 |
||
| 245 | _aIntroducción al Existencialismo / | ||
| 260 |
_aBuenos Aires : _bColumba , _c1962. |
||
| 300 |
_a63 páginas ; _c20 cm. |
||
| 440 |
_aColección Esquemas _n4 _914671 |
||
| 500 | _aEl existencialismo en General | ||
| 650 |
_aEl Existencialismo _914672 |
||
| 650 |
_aIdealismo Moderno _914673 |
||
| 650 |
_aFilosofia Moderna _914674 |
||
| 942 |
_2ddc _cLIBROS |
||
| 945 | _artm | ||